A CROSS - A COMPLETE REVIW OF SHORT SUBJECTS (Record no. 1841)
[ view plain ]
| 000 -LEADER | |
|---|---|
| fixed length control field | 00340nam a2200133Ia 4500 |
| 008 - FIXED-LENGTH DATA ELEMENTS--GENERAL INFORMATION | |
| fixed length control field | 150201s2010 xx 000 0 und d |
| 082 ## - DEWEY DECIMAL CLASSIFICATION NUMBER | |
| Classification number | 610 |
| Item number | A10S |
| 100 ## - MAIN ENTRY--PERSONAL NAME | |
| Personal name | SHUKLA, SAUMYA |
| 245 #2 - TITLE STATEMENT | |
| Title | A CROSS - A COMPLETE REVIW OF SHORT SUBJECTS |
| 260 ## - PUBLICATION, DISTRIBUTION, ETC. (IMPRINT) | |
| Name of publisher, distributor, etc. | JAYPEE |
| Place of publication, distribution, etc. | DELHI |
| Date of publication, distribution, etc. | 2010 |
| 300 ## - PHYSICAL DESCRIPTION | |
| Extent | 1-1000 |
| 650 ## - SUBJECT ADDED ENTRY--TOPICAL TERM | |
| Topical term or geographic name as entry element | GENERAL MEDICINE |
| 942 ## - ADDED ENTRY ELEMENTS (KOHA) | |
| Source of classification or shelving scheme | Dewey Decimal Classification |
| Koha item type | Books |
| Withdrawn status | Lost status | Source of classification or shelving scheme | Damaged status | Not for loan | Collection code | Home library | Current library | Shelving location | Date acquired | Source of acquisition | Cost, normal purchase price | SGTU | Total Checkouts | Full call number | Barcode | Date last seen | Bill Date | Koha item type |
|---|---|---|---|---|---|---|---|---|---|---|---|---|---|---|---|---|---|---|
| Dewey Decimal Classification | Not For Loan | MEDICAL | SGT Medical Library | SGT Medical Library | Reference Book | 07/06/2014 | COMP | 650.00 | SGTU | 610 A10S | FM6211 | 09/02/2015 | 22/07/2014 | Books |